| 000 | 00680nam a2200205 i 4500 | ||
|---|---|---|---|
| 001 | 143632 | ||
| 003 | ES-MaACL | ||
| 005 | 20240203062548.0 | ||
| 007 | t| | ||
| 008 | 070214s1901 sp r ||||1| spa d | ||
| 100 | 1 |
_aSesé Villanueva, Mariano. _9105877 |
|
| 245 | 1 | 0 |
_aAnálisis de la sal gemma _b: memoria presentada como tesis doctoral / _cpor Mariano Sesé Villanueva. |
| 260 |
_aZaragoza : _b[s. n.], _c1901 ( _fImp. de Tomás Blasco) |
||
| 300 |
_a49 p. ; _c27 cm. |
||
| 500 | _aTesis doctoral de la Universidad Central. | ||
| 650 | 4 |
_aSal gema. _9161094 |
|
| 710 | 2 |
_aUniversidad Central (Madrid) _97084 |
|
| 852 |
_aES-MaACL _jT-1051-F-10 |
||
| 999 |
_c143632 _d143632 |
||